Nové technológie a postupy vo vzdelávaní, podnikaní a obchode 2018 zborník vedeckých statí

Salvato in:
Dettagli Bibliografici
Ente Autore: Obchodná fakulta EU. Katedra informatiky obchodných firiem
Altri autori: Červenka, Peter, 1976-, Hlavatý, Ivan, 1978-, Kastl, Daniel, Hečko, Ivan
Natura: Libro
Lingua:slovacco
inglese
Pubblicazione: Bratislava Vydavateľstvo EKONÓM 2018
Edizione:1. vydanie
Soggetti:
Tags: Aggiungi Tag
Nessun Tag, puoi essere il primo ad aggiungerne!!

MARC

LEADER 00000nlm a2200000 4500
001 0250339
005 20240827072914.5
020 |a 978-80-225-4568-6 
041 0 |a slo 
041 0 |a eng 
044 |a SK 
245 1 0 |a Nové technológie a postupy vo vzdelávaní, podnikaní a obchode 2018  |b zborník vedeckých statí  |c zostavili: Peter Červenka, Ivan Hlavatý ; recenzenti: Daniel Kastl, Ivan Hečko 
250 |a 1. vydanie 
264 1 |a Bratislava  |b Vydavateľstvo EKONÓM  |c 2018 
300 |a CD-ROM 87 s. [5,69 AH] 
610 2 0 |a technológie nové 
610 2 0 |a vzdelávanie 
610 2 0 |a podnikanie 
610 2 0 |a obchod 
610 2 0 |a aukcie 
610 2 0 |a ekológia 
610 2 0 |a dizajn 
610 2 0 |a manažment znalostný 
610 2 0 |a biopotraviny 
610 2 0 |a obaly 
610 2 0 |a subjekt 
610 2 0 |a trh vnútorný 
610 2 0 |a skúšobníctvo štátne 
610 2 0 |a siete mobilné 
610 2 0 |a internet 
610 2 0 |a komunikácia marketingová 
610 2 0 |a reklama 
610 2 0 |a správa verejná elektronická 
610 2 0 |a Slovensko 
700 1 |a Červenka, Peter, 1976- 
700 1 |a Hlavatý, Ivan, 1978- 
700 1 |a Kastl, Daniel 
700 1 |a Hečko, Ivan 
710 2 |a Obchodná fakulta EU. Katedra informatiky obchodných firiem